| 000 | 00340 a2200157 4500 | ||
|---|---|---|---|
| 003 | Nust | ||
| 005 | 20170207152519.0 | ||
| 020 | _aNil | ||
| 040 | _cNust | ||
| 082 | _a428 | ||
| 100 | _aHenry | ||
| 245 |
_aUnit 1 :Narrative Describing people and events _bUnit 1 |
||
| 260 | _bPhoto copy | ||
| 300 | _a89p | ||
| 538 | _aAlmirah No.23 Shelf No.1 | ||
| 942 |
_2ddc _cBK |
||
| 999 |
_c176204 _d176204 |
||